| 000 -LEADER | |
|---|---|
| fixed length control field | 00454nam a22001817a 4500 |
| 005 - DATE AND TIME OF LATEST TRANSACTION | |
| control field | 20260331125718.0 |
| 008 - FIXED-LENGTH DATA ELEMENTS--GENERAL INFORMATION | |
| fixed length control field | 260331b|||||||| |||| 00| 0 eng d |
| 020 ## - INTERNATIONAL STANDARD BOOK NUMBER | |
| ISBN | 978-9347285080 |
| 041 ## - LANGUAGE CODE | |
| Language code of text/sound track or separate title | eng |
| 082 ## - DEWEY DECIMAL CLASSIFICATION NUMBER | |
| Classification number | 305.80954 ROY-M |
| 100 ## - MAIN ENTRY--AUTHOR NAME | |
| Personal name | ROY, S.C. |
| 245 ## - TITLE STATEMENT | |
| Title | THE MUNDAS AND THEIR COUNTRY |
| 250 ## - EDITION STATEMENT | |
| Edition statement | 5TH RE. P ED., 2022 |
| 260 ## - PUBLICATION, DISTRIBUTION, ETC. (IMPRINT) | |
| Name of publisher | CROWN PUBLICATION |
| Year of publication | 2022 |
| 300 ## - PHYSICAL DESCRIPTION | |
| Number of Pages | 392;P |
| 650 ## - SUBJECT ADDED ENTRY--TOPICAL TERM | |
| Topical Term | BHARTIYA GYAN PARAMPARA |
| 942 ## - ADDED ENTRY ELEMENTS (KOHA) | |
| Koha item type | Books |
| Lost status | Damaged status | Collection code | Home library | Current library | Shelving location | Date acquired | Source of acquisition | Cost, normal purchase price | Full call number | Accession Number | Koha item type |
|---|---|---|---|---|---|---|---|---|---|---|---|
| BHARTIYA GYAN PARAMPARA | JRU Library | JRU Library | KAUTILYA BOOK SANGRAH | 31/03/2026 | PURCHASE | 1500.00 | 305.80954 | 29415 | Books |